000 00791nam a2200253Ia 4500
003 OSt
005 20221005040333.0
006 a|||||r|||| 00| 0
007 ta
008 221004b |||||||| |||| 00| 0 eng d
020 _a8120832602 (hbk)
_c495
024 _a89855
037 _b19391, 17/03/2008, Motilal Banarsidass
_cTextual
040 _aCRL
_cCRL
_beng
041 _2eng
_aeng
082 _aR6947x1,1, P8
100 _aWalser Joseph
_9453591
245 0 _aNagarjuna in context
_b Maharana buddhism and early Indian culture
260 _aDelhi
_bMotilal Banarsidass India
_c2008
300 _ax,369p.
_ccm.
650 _aPHILOSOPHY
942 _hR6947x1,1, P8
_cTEXL
_2cc
999 _c946750
_d946750